Fascists

Αποθηκεύτηκε σε:
Λεπτομέρειες βιβλιογραφικής εγγραφής
Κύριος συγγραφέας: Mann, Michael, 1942-
Μορφή: Βιβλίο
Γλώσσα:English
Δημοσίευση: Cambridge ; New York : Cambridge University Press, 2004.
Θέματα:
Διαθέσιμο Online:Library of Congress
Ετικέτες: Προσθήκη ετικέτας
Δεν υπάρχουν, Καταχωρήστε ετικέτα πρώτοι!

MARC

LEADER 00000cam a2200000 a 4500
001 1/106498
008 150525s2004####xxk| ||| |||| ||eng||
020 |a 9780521538558  
040 |a GR-MyUa  |b gre  |c GR-MyUa  |e AACR2 
041 0 |a eng 
082 7 |a 320.533   |2 (23) 
100 1 |a Mann, Michael,   |d 1942- 
245 1 0 |a Fascists /   |c Michael Mann.  
260 |a Cambridge ;   |a New York :   |b Cambridge University Press,   |c 2004.  
300 |a x, 429 σ. ;   |c 24 εκ.  
504 |a Περιλαμβάνει βιβλιογραφία (σ. 395-416) και ευρετήριο.  
650 0 |a Fascism  |z Europe. 
650 0 |a Radicalism  |z Europe. 
650 0 |a Nationalism. 
650 0 |a Paramilitary forces. 
650 0 |a State, The. 
852 |a INST  |b LESVOS  |e 20150525  |h 320.533 MAN  |p 005100056648  |q 005100056648  |t BK  |y 0 
856 |3 Πίνακας περιεχομένων:   |z Library of Congress  |u http://www.loc.gov/catdir/toc/cam041/2003063966.html 
970 |a Τζαφέρη  |b Ευαγγελία  |z 25-05-2015